000 00236nam a2200097Ia 4500
001 691995
005 20250826161846.0
008 250824s9999 xx 000 0 und d
245 0 _aGİZLİ ANLARIN YOLCUSU
_cAYŞE KULİN
260 _bEVEREST
999 _c691995
_d691995